| 000 | 00460nam a22001697a 4500 | ||
|---|---|---|---|
| 003 | NUST - PNEC | ||
| 005 | 20170116181021.0 | ||
| 008 | 150915b xxu||||| |||| 00| 0 eng d | ||
| 020 | _a0442221959 | ||
| 040 | _cLIBRARY | ||
| 082 | _a621.45 EGG | ||
| 100 |
_910683 _a Eggleston, David M |
||
| 245 |
_aWind turbine engineering design _cDavid M Eggleston |
||
| 260 | _cc.1987 | ||
| 650 |
_910685 _aWind turbines--Design and construction _yME |
||
| 942 |
_2ddc _cBK |
||
| 999 |
_c67423 _d67423 |
||